Secondary analysis of available data bases / (Record no. 441)
[ view plain ]
| 000 -LEADER | |
|---|---|
| fixed length control field | 01419nam a22002777a 4500 |
| 001 - CONTROL NUMBER | |
| control field | 441 |
| 003 - CONTROL NUMBER IDENTIFIER | |
| rucl marc code | BD-RjUL |
| 005 - DATE AND TIME OF LATEST TRANSACTION | |
| control field | 20211208233159.0 |
| 008 - FIXED-LENGTH DATA ELEMENTS--GENERAL INFORMATION | |
| fixed length control field | 131118s1984 -usd |||| 001 0 eng d |
| 020 ## - INTERNATIONAL STANDARD BOOK NUMBER | |
| International Standard Book Number | 875897835 |
| 035 ## - SYSTEM CONTROL NUMBER | |
| System control number | (BD-RjUL)458 |
| 040 ## - CATALOGING SOURCE | |
| Original cataloging agency | BD-RjUL |
| Language of cataloging | eng |
| Transcribing agency | BD-RjUL |
| 041 ## - LANGUAGE CODE | |
| Language code of text/sound track or separate title | eng |
| 082 04 - DEWEY DECIMAL CLASSIFICATION NUMBER | |
| Edition number | 22 |
| Classification number | 300.723 |
| Author mark and year | SEC 1984 |
| 245 1# - TITLE STATEMENT | |
| Title | Secondary analysis of available data bases / |
| Statement of responsibility, etc. | David J. Bowering, editor. |
| 260 ## - PUBLICATION, DISTRIBUTION, ETC. (IMPRINT) | |
| Place of publication, distribution, etc. | San Francisco : |
| Name of publisher, distributor, etc. | Jossey-Bass, |
| Date of publication, distribution, etc. | c1984. |
| 300 ## - PHYSICAL DESCRIPTION | |
| Pagination | 115 p. : |
| Illustrations | ill. ; |
| Size | 23 cm. |
| 490 ## - SERIES STATEMENT | |
| Series statement | New directions for program evaluation |
| Volume/sequential designation | 22 |
| 504 ## - BIBLIOGRAPHY, ETC. NOTE | |
| Bibliography, etc | Includes bibliographical references and index. |
| 505 ## - FORMATTED CONTENTS NOTE | |
| Formatted contents note | Large-scale data bases: who produces them, how to obtain them, what they contain / David E. Myers, Richard C. Rockwell -- Considerations and methodology for the preparation of data files / Jim C. Fortune, Janice K. McBee -- Using the higher education general information survey / Lloyd D. Andrew -- Impact analysis using an integrated data base: a case study / David J. Bowering. |
| 650 ## - SUBJECT ADDED ENTRY--TOPICAL TERM | |
| Topical term or geographic name as entry element | Evaluation research (Social action programs) -- Data processing. |
| 9 (RLIN) | 1374 |
| 710 1# - ADDED ENTRY--CORPORATE NAME | |
| Corporate name or jurisdiction name as entry element | Bowering, David J. |
| 9 (RLIN) | 1375 |
| 830 ## - SERIES ADDED ENTRY--UNIFORM TITLE | |
| Uniform title | Jossey-Bass higher education and social and behavioral sciences series. |
| 856 4# - ELECTRONIC LOCATION AND ACCESS | |
| Materials specified | Worldcat Details |
| Uniform Resource Identifier | <a href="http://www.worldcat.org/title/secondary-analysis-of-available-data-bases/oclc/11111429&referer=brief_results">http://www.worldcat.org/title/secondary-analysis-of-available-data-bases/oclc/11111429&referer=brief_results</a> |
| 942 ## - ADDED ENTRY ELEMENTS (KOHA) | |
| Source of classification or shelving scheme | Dewey Decimal Classification |
| Koha item type | Books |
| Lost status | Source of classification or shelving scheme | Damaged status | Not for loan | Collection code | Permanent Location | Current Location | Shelving location | Date acquired | Source of acquisition | Cost, normal purchase price | Total Checkouts | Full call number | Date last seen | Copy number | Koha item type |
|---|---|---|---|---|---|---|---|---|---|---|---|---|---|---|---|
| Dewey Decimal Classification | Non-fiction | Central Library, University of Rajshahi | Central Library, University of Rajshahi | 11/09/2007 | Asia Foundation | 0.00 | 300.723 SEC 1984 | 18/11/2013 | C-4 | Books | |||||
| Dewey Decimal Classification | Non-fiction | Central Library, University of Rajshahi | Central Library, University of Rajshahi | 11/09/2007 | Asia Foundation | 0.00 | 300.723 SEC 1984 | 18/11/2013 | C-5 | Books | |||||
| Dewey Decimal Classification | Non-fiction | Central Library, University of Rajshahi | Central Library, University of Rajshahi | 11/09/2007 | Asia Foundation | 0.00 | 300.723 SEC 1984 | 18/11/2013 | C-6 | Books | |||||
| Dewey Decimal Classification | Non-fiction | Central Library, University of Rajshahi | Central Library, University of Rajshahi | 11/09/2007 | Asia foundation | 300.723 SEC 1984 | 24/02/2014 | C-3 | Books | ||||||
| Dewey Decimal Classification | Non-fiction | Central Library, University of Rajshahi | Central Library, University of Rajshahi | 11/09/2007 | 300.723 SEC 1984 | 09/05/2016 | C-2 | Books | |||||||
| Dewey Decimal Classification | Not For Loan | Non-fiction | Central Library, University of Rajshahi | Central Library, University of Rajshahi | Reading Room | 11/09/2007 | 300.723 SEC 1984 | 01/12/2016 | C-1 | Books |